Mahamana & Mahatma/ (Record no. 103966)
[ view plain ]
| 000 -LEADER | |
|---|---|
| fixed length control field | 00665nam a22002177a 4500 |
| 005 - DATE AND TIME OF LATEST TRANSACTION | |
| control field | 20240821104738.0 |
| 010 ## - LCCN (DPL NO) | |
| LC control number | ENG-116199 ENG-141338 |
| 020 ## - INTERNATIONAL STANDARD BOOK NUMBER | |
| International Standard Book Number | 9788190903769 |
| Terms of availability | 550.00 |
| 035 ## - SYSTEM CONTROL NUMBER | |
| System control number | EN-99731 |
| 035 ## - SYSTEM CONTROL NUMBER | |
| System control number | EN-124870 |
| 037 ## - SOURCE OF ACQUISITION | |
| Source of stock number/acquisition | DBAD |
| 082 ## - DEWEY DECIMAL CLASSIFICATION NUMBER | |
| Classification number | 954.035 |
| 100 ## - MAIN ENTRY--PERSONAL NAME | |
| Personal name | Somaskandan,S. |
| 245 ## - TITLE STATEMENT | |
| Title | Mahamana & Mahatma/ |
| Statement of responsibility, etc | by S.Somaskandan [and] Rama Venkataraman |
| 260 ## - PUBLICATION, DISTRIBUTION, ETC. (IMPRINT) | |
| Place of publication, distribution, etc | Varanasi |
| Name of publisher, distributor, etc | Payasvati Prakashan |
| Date of publication, distribution, etc | 2011 |
| 270 ## - ADDRESS | |
| Address | N 4/18A (K)-Karaundi |
| City | Varanasi |
| Postal code | 221005 |
| 300 ## - PHYSICAL DESCRIPTION | |
| Extent | xvi,620p.: |
| Other physical details | ill(map) |
| Dimensions | 21cm(Hb) |
| 500 ## - GENERAL NOTE | |
| General note | Includes glossary |
| 700 ## - ADDED ENTRY--PERSONAL NAME | |
| Personal name | Venkataraman, Rama |
| 9 (RLIN) | 70231 |
| 942 ## - ADDED ENTRY ELEMENTS (KOHA) | |
| Source of classification or shelving scheme | Dewey Decimal Classification |
| Item type | English Books |
| Classification part | 954.035 |
| Call number suffix | SOM |
| Withdrawn status | Lost status | Not for loan | Collection code | Home library | Current library | Date acquired | Source of acquisition | Cost, normal purchase price | Full call number | Barcode | Copy number | Cost, replacement price | Koha item type |
|---|---|---|---|---|---|---|---|---|---|---|---|---|---|
| Non-fiction | Bawana | Bawana | 10/10/2016 | DBAD/PUB | 550.00 | 954.035 SOM | EN-99731 | 1 | 550.00 | English Books | |||
| Non-fiction | Shahdara Branch | Shahdara Branch | 21/08/2024 | DBAD | 550.00 | 954.035 SOM | EN-124870 | 1 | 550.00 | English Books |
